Sports Quiz

Random Sports or Football Quiz

NFL's Worst (2017) Quiz Stats

 Plays Quiz Updated Feb 14, 2018

Score 0/85 Timer 11:00
6 Plays Today
Category Player % Correct
Passing InterceptionsCam Newton
95.6%
Times SackedCam Newton
95.6%
FumblesCam Newton
95.6%
Passing InterceptionsEli Manning
93.4%
FumblesEli Manning
90.5%
Times SackedRussell Wilson
90.1%
FumblesRussell Wilson
90.1%
Passing InterceptionsKirk Cousins
89.3%
Times SackedKirk Cousins
89.3%
FumblesKirk Cousins
89.3%
Times SackedTom Brady
89%
Times SackedAlex Smith
88.7%
Passing InterceptionsMarcus Mariota
88.4%
Passing InterceptionsJoe Flacco
88.1%
FumblesBlake Bortles
88%
Times SackedMatthew Stafford
88%
Passing InterceptionsDerek Carr
88%
Passing InterceptionsBlake Bortles
88%
FumblesMatthew Stafford
87%
Passing InterceptionsDak Prescott
86.9%
Passing InterceptionsBen Roethlisberger
85.5%
Times SackedAndy Dalton
83.5%
Passing InterceptionsJay Cutler
82.7%
Times SackedTyrod Taylor
81.9%
Passing InterceptionsDeShone Kizer
80.4%
Times SackedDeShone Kizer
80.4%
FumblesDeShone Kizer
79.9%
FumblesJameis Winston
78.4%
FumblesCarson Wentz
76.5%
Category Player % Correct
Times SackedJacoby Brissett
69.5%
Yards Per Rush (minimum 100 carries)Adrian Peterson
68.6%
Times SackedJosh McCown
65.6%
FumblesJosh McCown
65.6%
FumblesMitch Trubisky
61.5%
Yards Per Rush (minimum 100 carries)Doug Martin
60.8%
Punting Average (minimum 40 punts)Sam Martin
60%
Catch Percentage (minimum 90 targets)Dez Bryant
59.2%
Catch Percentage (minimum 90 targets)A.J. Green
58.1%
Yards Per Rush (minimum 100 carries)Jonathan Stewart
57.5%
Catch Percentage (minimum 90 targets)Amari Cooper
55.4%
Passing InterceptionsTrevor Siemian
54%
Catch Percentage (minimum 90 targets)T.Y. Hilton
53.6%
Yards Per Rush (minimum 100 carries)DeMarco Murray
53.2%
Catch Percentage (minimum 90 targets)Mike Evans
51.8%
Catch Percentage (minimum 90 targets)DeAndre Hopkins
51.6%
Catch Percentage (minimum 90 targets)Emmanuel Sanders
49.5%
PenaltiesLane Johnson
47.4%
Yards Per Rush (minimum 100 carries)Ameer Abdullah
46.3%
Catch Percentage (minimum 90 targets)Alshon Jeffery
45.1%
Yards Per Rush (minimum 100 carries)Joe Mixon
41.3%
Yards Per Rush (minimum 100 carries)Chris Ivory
40.4%
Yards Per Rush (minimum 100 carries)Kerwynn Williams
37.5%
Yards Per Rush (minimum 100 carries)Jamaal Williams
36.9%
Punting Average (minimum 40 punts)Chris Jones
34.6%
Field Goal Percentage (minimum 15 FGA)Mason Crosby
32.6%
Field Goal Percentage (minimum 15 FGA)Blair Walsh
28.9%
Field Goal Percentage (minimum 15 FGA)Dan Bailey
27.8%
Catch Percentage (minimum 90 targets)Kenny Stills
27.6%
Category Player % Correct
Yards Per Rush (minimum 100 carries)Samaje Perine
27.6%
Catch Percentage (minimum 90 targets)Marquise Goodwin
25.3%
PenaltiesMichael Bennett
23%
Field Goal Percentage (minimum 15 FGA)Brandon McManus
18.4%
Field Goal Percentage (minimum 15 FGA)Phil Dawson
14.9%
Punting Average (minimum 40 punts)Ryan Allen
13%
Field Goal Percentage (minimum 15 FGA)Aldrick Rosas
11.5%
Field Goal Percentage (minimum 15 FGA)Giorgio Tavecchio
9.6%
Field Goal Percentage (minimum 15 FGA)Zane Gonzalez
9%
Field Goal Percentage (minimum 15 FGA)Connor Barth
8.9%
Punting Average (minimum 40 punts)Brad Wing
8.8%
Field Goal Percentage (minimum 15 FGA)Ka'imi Fairbairn
5.7%
Punting Average (minimum 40 punts)Jordan Berry
5.7%
PenaltiesPhilip Rivers
5.6%
PenaltiesJadeveon Clowney
5.3%
Punting Average (minimum 40 punts)Bryan Anger
4%
PenaltiesGermain Ifedi
4%
Punting Average (minimum 40 punts)Ryan Quigley
3.9%
Punting Average (minimum 40 punts)Brad Nortman
3%
Punting Average (minimum 40 punts)Bradley Pinion
3%
PenaltiesLaremy Tunsil
2.3%
PenaltiesGarett Bolles
2.2%
Punting Average (minimum 40 punts)Justin Vogel
2.1%
PenaltiesShon Coleman
2.1%
PenaltiesCharles Leno
1.7%
PenaltiesBuster Skrine
1.6%
PenaltiesJermaine Gresham
0.6%

You're not logged in!

Compare scores with friends on all Sporcle quizzes.
OR
Log In

Sporcle TV

Today on Sporcle TV


Watch our educational content, quiz creation guides, and fun videos on Sporcle TV.

Show Comments

Extras

Top Quizzes Today


Score Distribution

Your Account Isn't Verified!

In order to create a playlist on Sporcle, you need to verify the email address you used during registration. Go to your Sporcle Settings to finish the process.

Report this User

Report this user for behavior that violates our Community Guidelines.

Details: